00290nam a2200121Ia 4500008004100000082001300041100001700054245004400071250000800115260002800123300000900151650000800160191201s2009 xx 000 0 und d a657bDOC aDUTTA,Manash 0aCost Accounting Principles and Practice aIMP aN. delhibpearsonc2009 aMISC aBBA